000 00560nam a2200169 i 4500
001 93240
003 ES-MaACL
007 t|
008 050408s1932 xxu ||||1| eng d
100 1 _aLongwell, Chester R.
_973259
245 1 2 _aA textbook of Geology
_b: part. I-Physical Geology /
_cby Chester R. Longwell, Adolph Knopf and Richard F. Flint.
260 _aNew York :
_bJohn Wiley & Sons,
_c1932.
300 _aVII, 514 p., 1 lám. :
_bil. ;
_c24 cm.
700 1 _aKnopf, Adolph.
_968363
700 1 _aFlint, Richard F.
_951220
852 _aES-MaACL
_jC-8121
999 _c93240
_d93240